000 00687nam a2200205 a 4500
005 20240703063811.0
008 991125s1982 mx 000 0 spa u
020 _a9688007722
035 _aUPN01000185192
049 _aUNE
080 4 _a371.7 : 37.061 (72) AMB No. 3
110 1 _aMéxico.
_bSecretaría de Educación Pública.
_bUnidad de Higiene Escolar
245 1 0 _aAmbiente escolar /
_cSecretaría de Educación Pública, Unidad de Higiene Escolar.
260 _aMéxico :
_bSEP, Unidad de Higiene Escolar,
_c1982.
300 _a170 p. :
_bil
440 0 _aCultura SEP ;
_v3
500 _a"Programa de ambiente escolar"
690 4 _aHigiene escolar
_915543
905 _aLibro
999 _c157295
_d157295